000
00207nam a22000857a 4500
008
161125b xxu||||| |||| 00| 0 eng d
100
_9
1415
_a
Housel.E.etal.
245
_a
Graphing Grade-4
260
_a
USA
_b
TCR
_c
2010
999
_c
4134
_d
4134